mind blowing divergent quiz - Statistics

General Stats
  • This quiz has been taken 190 times
  • The average score is 12 of 15
Answer Stats
Answer % Correct
What is Tobias's nick name? Four
98%
Who loves Tris? Tobias
95%
Who is Tris's best friend? Christina
92%
What is the brave faction Tris enters Dauntless
92%
What is the selfless and Tris's old faction called? Abnegation
89%
What is the peaceful faction called that grow crops Amity
89%
Dauntless Leader Eric
89%
Who is Tris's brother? caleb prior
88%
Who does Tris kill and regret? Will
86%
who is the main character? Tris Prior
84%
When Tris jumped what was at the bottom? net
83%
Who betrays Tris? Al
79%
Jeanine and the erudite are looking out for what? divergent
78%
What is the name of the thing that Christina has to hang offfrom? chasm
46%
Tris is given a title during intiation, what is it? first jumper
41%
No matching quizzes found
Score Distribution
Percent of People with Each Score
Percentile by Number Answered
Your Score History
You have not taken this quiz